| 000 | 00557nam a2200193 i 4500 | ||
|---|---|---|---|
| 001 | bg | ||
| 100 | 1 | _aGUZIK, Zofia | |
| 245 | 0 |
_aIskustvennye monokristally / _cZofia Guzik, Jan Obłąkowski. |
|
| 260 |
_aMoskva : _b"Metallurgija", _c1975. |
||
| 300 | _a190 s. | ||
| 650 | 9 | _aKryształy | |
| 700 | 1 | _aOBŁĄKOWSKI, Jan | |
| 040 | _cBPK | ||
| 041 | _apol | ||
| 080 | _a669:548.5 | ||
| 942 | _cKS | ||
| 008 | s pl f |000 0 pol | ||
| 856 |
_uhttp://koha.tu.koszalin.pl/cgi-bin/koha/opac-detail.pl?biblionumber=26869 _yKatalog online BPK |
||
| 999 |
_c26869 _d26869 |
||